000 00659cam a22002173a 4500
001 26084
003 PGUSA
005 20140828083548.0
008 080717s2008||||xxu|||||s|||||000 | eng d
040 _aPGUSA
_beng
042 _adc
050 4 _aSB
245 1 0 _aParks for the People :
_bProceedings of a Public Meeting held at Faneuil Hall, June 7, 1876
_h[electronic resource] /
_cVarious
260 _bProject Gutenberg,
_c2008
506 _aPublic domain in the USA.
516 _aElectronic text
653 _aParks -- Massachusetts -- Boston
830 0 _aProject Gutenberg
_v26084
856 4 0 _uhttp://www.gutenberg.org/ebooks/26084
942 _cEB
999 _c255339
_d255339